Chypre pour les touristes... - Facile - Statistiques

Statistiques générales
  • Ce quiz a été pris 28 fois
  • Le résultat moyen est 13 sur 20
Statistiques - réponses
Question Indice Réponses Indice facile % Correct
Quelle est la monnaie ? Euro E
96%
La conduite se fait à droite ou à gauche ? Gauche
96%
Quelles sont les langues officielles ? Grec G
96%
Dans la capitale y-a-t-il un décalage horaire avec Paris ? (oui/non) Oui
96%
Quelles sont les langues officielles ? Turc T
93%
Quelle autre langue est répandue ? A Anglais
89%
Quelles sont les principales villes touristiques ? N Nicosie
89%
La vitesse sur autoroute est limitée à {100} km/h
74%
Quelles sont les principales villes touristiques ? P Paphos POPAHS
74%
Achats à faire 3/ Objets sculptés en Bois BIOS
67%
Le taux d'alcoolémie toléré au volant est de {0.5} g/l
63%
Le suffixe internet est cy
59%
Quelles sont les principales villes touristiques ? L Larnaca CANARAL
56%
Quelles sont les principales villes touristiques ? L Limassol SOMALLIS
56%
Achats à faire 1/ Objets en terre cuite Poterie PETOIRE
48%
La religion majoritaire est O Orthodoxie
44%
On peut y visiter les parcs nationaux de A Akamas AKAMAS
30%
Quelles sont les principales villes touristiques ? AN Ayia Napa AANPAYAI
30%
Achats à faire 2/ Ouvrage délicats en fil Dentelle Lefkara
26%
CG Cavo Greco GROOVACCE
11%
Aucun quiz correspondant
Distribution des résultats
% des personnes avec chaque résultat
Percentile par nombre de réponses
Votre historique - résultats
Vous n’avez pas pris ce quiz